Responses for Show #6429 - Thursday, July 26, 2012

Contestants

[<< previous game]

Leo Lopez, a psychiatrist from Brooklyn, New York

Lori Hohenleitner, an executive director for a nonprofit from Atlantic Highlands, New Jersey

Doug Thornton, an information technology manager from Chesterfield, Virginia (whose 1-day cash winnings total $22,000)

[next game >>]

Jeopardy! Round responses

STUPID ANSWERS: MOVIES
QUOTES OF THE 2010s
SHAKESPEARE
BUSINESS & INDUSTRY
THE CIVIL WAR BY THE NUMBERS
DO YOU KNOW THE "LING"O?
    $200 5
Bridesmaids

Leo
    $200 26
Oprah

Doug
    $200 3
Queen Elizabeth I

Lori
    $200 1
Time Warner

Doug
    $200 21
Washington & Richmond

Doug
    $200 13
the Ringling Brothers

Leo
    $400 9
Jurassic Park

Lori
    $400 27
Rupert Murdoch

Leo
    $400 4
the Globe

Doug
    $400 2
Old Navy

Leo
    $400 22
a general

Triple Stumper
    $400 14
(Leo: [Sighs] Uh...)
(Alex: Oh, that's too bad.)

linger

LoriLeo
    $600 10
Carnage

Lori
    $600 28
(George) Lucas

Lori
    $1,000 6
histories

Leo
    $600 18
Chrome

Doug
    $600 23
New Orleans

Doug
    $600 15
handling

Leo
    $800 11
(Leo: What is Winter?)

Dolphin Tale

LoriLeo
    $800 29
al-Qaeda

Doug
    $800 7
the First Folio

Lori
    $800 19
(Lori: What is Gillette?)
(Doug: What is Schick?)

Braun

DougLori
Triple Stumper
    $800 24
(Alex: That is it, with less than a minute to go.)

Pickett's Charge

Doug
    $800 16
grappling

Leo
    $1000 12
Shrek the Third

Lori
    $1000 30
Anthony Weiner

Doug
    $1000 8
iambic pentameter

Lori
    $1000 20
Puma

Leo
    $1000 25
"Stars and Bars"

Doug
    $1000 17
a dumpling

Leo

Scores at the first commercial break (after clue 15):

Doug Lori Leo
$600 $5,200 $1,200

Scores at the end of the Jeopardy! Round:

Doug Lori Leo
$5,000 $5,000 $4,400

Double Jeopardy! Round responses

BARONS & BARONESSES
TRANSPORTATION
CELEBRITY RHYME TIME
GIVE 'EM HEALTH!
BIBLICAL WIFERY
LESSER-KNOWN GREEKS & ROMANS?
(Alex: And in that one, they really are lesser-known, however, to help you out, I will tell you that each correct response ends in "U-S". Those are the letters.)
    $400 21
a monorail

Doug
    $400 6
Clint's mints

Leo
    $400 1
osteoarthritis

Leo
    $400 12
Sarah

Leo
    $400 11
Hummus

Leo
    $800 22
Boeing

Doug
    $800 7
Crow's prose

Leo
    $800 2
blueberries

Lori
    $800 13
Leviticus

Lori
    $800 17
Supercalifragilisticexpialidocious

Leo
    $1200 26
(Alex: [*]'s "Charge of the Light Brigade".)

Tennyson

Triple Stumper
    $1200 23
(Leo: Uh, what is a showboat?)
(Lori: What is a riverboat?)
(Doug: What is a paddle wheel?)
[Alex accepted Doug's response.]

a paddle wheeler (or a steam boat)

DougLoriLeo
    $1200 8
Sawyer's lawyers

Doug
    $1200 3
E. coli

Leo
    $2,500 14
Rachel

Lori
    $1200 18
Vicarious

Leo
    $7,000 27
Baron von Munchausen

Doug
    $1600 24
(Doug: What is the Enterprise?)

the Endeavour

Doug
Triple Stumper
    $1600 9
Cowell's dowels

Triple Stumper
    $1600 4
blood pressure

Leo
    $1600 15
Solomon

Leo
    $1600 19
Cirrus

Leo
    $2000 28
[The end-of-round signal sounds.]

Barbara Hutton

Triple Stumper
    $2000 25
(Alex: ...with a minute to go, Doug.)

the Atchison, Topeka, and the Santa Fe

Triple Stumper
    $2000 10
Miley's smileys

Doug
    $2000 5
omega-3 fatty acids

Leo
    $2000 16
Malachi

Leo
    $2000 20
(Alex: Yes. And you pronounced it correctly.)

Tinnitus

Leo

Scores at the end of the Double Jeopardy! Round:

Doug Lori Leo
$16,000 $7,900 $19,600

[wagering suggestions for these scores]

Final Jeopardy! Round responses

OPERA
LoriWhat is Cinderella?
$2,100
DougWhat is The Magic Flute
$15,000
LeoWhat is The Flying Dutchman?
$12,401
Lohengrin

Final scores:

Doug Lori Leo
$1,000 $5,800 $7,199
3rd place: $1,000 2nd place: $2,000 New champion: $7,199

Game dynamics:

Coryat scores:

Doug Lori Leo
$10,600 $6,600 $19,200
16 R
(including 1 DD),
2 W
12 R
(including 1 DD),
2 W
23 R
(including 1 DD),
3 W

Combined Coryat: $36,400

[game clues] [game scores] [suggest correction]

Game tape date: 2012-03-14
The J! Archive is created by fans, for fans. Scraping, republication, monetization, and malicious use prohibited; this site may use cookies and collect identifying information. See terms. The Jeopardy! game show and all elements thereof, including but not limited to copyright and trademark thereto, are the property of Jeopardy Productions, Inc. and are protected under law. This website is not affiliated with, sponsored by, or operated by Jeopardy Productions, Inc. Join the discussion at JBoard.tv.